Pokémon - Les attaques de Castorno - Statistiques

Statistiques générales
  • Ce quiz a été pris 22 fois
  • Le résultat moyen est 10 sur 17
Statistiques - réponses
Niveaux Types Noms des coups % Correct
Départ Normal Charge
100%
Départ Normal Rugissement
92%
Niveau 33 Normal Bélier
85%
Niveau 28 Ténèbres Mâchouille
85%
Départ Évolution Eau Pistolet à O
85%
Niveau 9 Roche Roulade
85%
Niveau 5 Normal Boul'Armure
69%
Niveau 58 Spectre Malédiction
69%
Niveau 38 Normal Croc Fatal
62%
Niveau 53 Combat Surpuissance
62%
Niveau 48 Psy Amnésie
54%
Niveau 18 Normal Croc de Mort
54%
Niveau 13 Normal Coup d'Boule
46%
Départ Eau Aqua-Jet
38%
Niveau 43 Normal Danse-Lames
38%
Départ Sol Fertilisation
15%
Niveau 23 Normal Bâillement
8%
Aucun quiz correspondant
Distribution des résultats
% des personnes avec chaque résultat
Percentile par nombre de réponses
Votre historique - résultats
Vous n’avez pas pris ce quiz